ბათუმის შოთა რუსთაველის სახელმწიფო უნივერსიტეტის ბიბლიოთეკა

Алгебра и теория чисел (ბიბ.ჩანაწერი № 39116)

000 -LEADER
fixed length control field 00734nam a2200217Ia 4500
001 - CONTROL NUMBER
control field 5696
003 - CONTROL NUMBER IDENTIFIER
control field GE_BSU
008 - FIXED-LENGTH DATA ELEMENTS--GENERAL INFORMATION
fixed length control field 181216s||||||||xx |||||||||||||| ||und||
040 ## - CATALOGING SOURCE
Transcribing agency GE_BSU
080 ## - UNIVERSAL DECIMAL CLASSIFICATION NUMBER
Universal Decimal Classification number 51+511
245 ## - TITLE STATEMENT
Title Алгебра и теория чисел
245 ## - TITLE STATEMENT
Remainder of title Учебное пособ. Для студ-заочников II курса физ.-мат. фак. пед. ин-тов Московский гос заочный пед ин-ут
245 ## - TITLE STATEMENT
Statement of responsibility, etc. Под. ред Н.Я. Виленкина
250 ## - EDITION STATEMENT
Edition statement Изд-е 2-е
260 ## - PUBLICATION, DISTRIBUTION, ETC.
Place of publication, distribution, etc. Москва
260 ## - PUBLICATION, DISTRIBUTION, ETC.
Name of publisher, distributor, etc. Просвещение
260 ## - PUBLICATION, DISTRIBUTION, ETC.
Date of publication, distribution, etc. 1984
300 ## - PHYSICAL DESCRIPTION
Extent 190стр. 22см.
653 ## - INDEX TERM--UNCONTROLLED
Uncontrolled term Алгебре и теория чисел
942 ## - ADDED ENTRY ELEMENTS (KOHA)
Koha item type წიგნი
ეგზემპლარები
Withdrawn status Lost status Damaged status Not for loan Date acquired Barcode Date last seen Price effective from Koha item type
        2018-12-17 16776 2018-12-17 2018-12-17 წიგნი
        2018-12-17 16913 2018-12-17 2018-12-17 წიგნი
        2018-12-17 16912 2018-12-17 2018-12-17 წიგნი